000 00516 a2200145 4500
040 _a0
082 _aPGDIT-2
100 _aSami Ullah.
_9100084
245 _aMedical store's sales and inventory control system
_cSami Ullah.
260 _aIslamabad :
_bNUST School of Electrical Engineering & Computer Science,
_c2003.
300 _av, 104 p. :
_bill. ;
_c27 cm.
500 _aSupervisor : Dr. Muhammad Adaidullah Anwar.
856 _uhttp://10.250.8.41:8080/xmlui/handle/123456789/13209
942 _cPR
_kPGDIT-2 SAM
_2ddc
999 _c9276
_d9276